¿Hacia una nueva visión del desarrollo urbano-regional? El discurso de Ernesto Zedillo Ponce de León /

সংরক্ষণ করুন:
গ্রন্থ-পঞ্জীর বিবরন
প্রধান লেখক: Méndez Rodríguez, Alejandro
বিন্যাস: পাঠ‍্য
বিষয়গুলি:
ট্যাগগুলো: ট্যাগ যুক্ত করুন
কোনো ট্যাগ নেই, প্রথমজন হিসাবে ট্যাগ করুন!

MARC

LEADER 00000 a a2200000 04500
001 45909
003
040
090 |a REV0657 (77) 1995  
100 |a Méndez Rodríguez, Alejandro  
245 |a ¿Hacia una nueva visión del desarrollo urbano-regional?  |b El discurso de Ernesto Zedillo Ponce de León /  |c Alejandro Méndez Rodríguez  
650 |a MEXICO  
650 |a ECONOMIA  
773 |g número77 (1995), páginas 13-16  
999 |c 30677  |d 30677